000 00894cam a2200289Ia 4500
020 _a0673300102 (Gr.2)
020 _a0673300102 (Gr.2)
020 _a0673300110 (Gr.3)
020 _a0673300129 (Gr.4)
020 _a0673300137 (Gr.5)
020 _a0673300145 (Gr.6)
020 _a0673300153 (Gr.7)
020 _a0673300161 (Gr.8)
040 _cEXN
082 _a372 SCO 1998 A017 Or.
100 1 _aBeers, James W.,
245 1 0 _aEveryday spelling /
246 1 4 _aEveryday spelling :
_bvocabulary, writing, cross-curricular words
260 _aGlenview, Ill. :
_bScott Foresman Addison Wesley,
_cc1998.
300 _a7 v. :
_bcol. ill. ;
_c28 cm.
500 _aCover title: Everyday spelling : vocabulary, writing, cross-curricular words.
650 0 _aEnglish language
650 0 _aSpellers.
700 1 _aCramer, Ronald L.
700 1 _aHammond, W. Dorsey.
942 _cEK
999 _c12136
_d12136